| 000 | 00814nam a2200253 i 4500 | ||
|---|---|---|---|
| 001 | 000046042 | ||
| 003 | DO-SdBNP | ||
| 005 | 20250724142857.0 | ||
| 007 | ta | ||
| 008 | 150612s1988 dr 000 0 spa d | ||
| 040 |
_aDO-SdBNP _bspa _cBNPHU _erda |
||
| 082 | 4 |
_axxxx _bxxxx _222 |
|
| 100 | 1 |
_aPiantini, Ramón A., _eautor _4aut. _954327 |
|
| 245 | 1 | 0 |
_aLegislación económica 1986 / _cRamón A. Piantini |
| 264 | 1 |
_aSanto Domingo : _bCentro de Estudios Monetario y Bancarios, _c1988. |
|
| 300 |
_a53 páginas ; _c21 cm. |
||
| 336 |
_atexto _btxt _2rdacontent |
||
| 337 |
_asin mediación _bn _2rdamedia |
||
| 338 |
_avolumen _bnc _2rdacarrier |
||
| 490 | 1 | _aSerie Legal | |
| 590 | _aInventariado, 2025/BT | ||
| 710 | 1 |
_aRepública Dominicana _96296 _bCentro de Estudios Monetarios y Bancarios |
|
| 942 |
_2ddc _cLF2 |
||
| 999 |
_c45531 _d45531 |
||